| Tag |
First Indicator |
Second Indicator |
Subfields |
| LEADER |
00000cam a2200000 a 4500 |
| 001 |
in00000084808 |
| 005 |
20151008053227.0 |
| 008 |
820331s1981 nyua 00000 eng |
| 010 |
|
|
|a 81083091
|
| 035 |
|
|
|a (OCoLC)07852363
|
| 035 |
|
|
|9 AAH6733AM
|
| 039 |
0 |
|
|a 2
|b 3
|c 3
|d 3
|e 3
|
| 040 |
|
|
|a DLC
|c DLC
|d TXA
|d UtOrBLW
|
| 043 |
|
|
|a n-us---
|
| 049 |
|
|
|a TXAM
|c [1561516]
|
| 050 |
0 |
0 |
|a KF2901.Z9
|b P76 1981
|
| 082 |
0 |
|
|a 343.7306/7
|a 347.30367
|2 19
|
| 245 |
0 |
0 |
|a Professional corporations, 1981 :
|b an advanced tax planning program /
|c Stephen H. Paley, chairman.
|
| 264 |
|
1 |
|a New York, N.Y. :
|b Practising Law Institute,
|c [1981]
|
| 264 |
|
4 |
|c ©1981
|
| 300 |
|
|
|a 560 pages :
|b illustrations ;
|c 22 cm.
|
| 336 |
|
|
|a text
|b txt
|2 rdacontent
|
| 337 |
|
|
|a unmediated
|b n
|2 rdamedia
|
| 338 |
|
|
|a volume
|b nc
|2 rdacarrier
|
| 490 |
1 |
|
|a Tax law and estate planning series
|
| 490 |
1 |
|
|a Tax law and practice course handbook series ;
|v no. 159
|
| 500 |
|
|
|a "J4-3495."
|
| 500 |
|
|
|a "Prepared for distribution at the professional corporations: an advanced tax planning program, September-October, 1981."--Contents.
|
| 650 |
|
0 |
|a Professional corporations
|z United States.
|
| 650 |
|
0 |
|a Professional corporations
|x Taxation
|z United States.
|
| 700 |
1 |
|
|a Paley, Stephen H.
|
| 710 |
2 |
|
|a Practising Law Institute.
|
| 830 |
|
0 |
|a Tax law and estate planning series.
|
| 830 |
|
0 |
|a Tax law and practice course handbook series ;
|v no. 159.
|
| 999 |
|
|
|a MARS
|
| 999 |
f |
f |
|s fbd8c708-974b-3af3-8ab0-a88b64687eca
|i 081314fa-b7ae-3c25-92d3-70c2a2a6c98d
|t 0
|
| 952 |
f |
f |
|p ric
|a Texas A&M University
|b Rellis Campus
|c Joint Library Facility
|d Remote Storage
|t 0
|e KF2901.Z9 P76 1981
|h Library of Congress classification
|i unmediated -- volume
|m A14805955029
|
| 998 |
f |
f |
|a KF2901.Z9 P76 1981
|t 0
|l Remote Storage
|